|
|
|
|
| LEADER |
01209nam a2200277 a 4500 |
| 001 |
16842244 |
| 008 |
130804s2011 enka b 001 0 eng d |
| 010 |
|
|
|a 2011932875
|
| 020 |
|
|
|a 9780857938862
|
| 020 |
|
|
|a 085793886X
|
| 020 |
|
|
|a 9780857938916 (pbk.)
|
| 020 |
|
|
|a 0857938916 (pbk.)
|
| 040 |
|
|
|a UKMGB
|b eng
|c UKMGB
|d BTCTA
|d YDXCP
|d CDX
|d GUL
|d OUN
|d UTO
|d BWX
|d NDL
|d DEBBG
|d DLC
|d BD-DhAAL.
|
| 082 |
0 |
0 |
|a 338.9
|2 22
|
| 100 |
1 |
|
|a Trebilcock, M. J.
|
| 245 |
1 |
0 |
|a What makes poor countries poor? :
|b institutional determinants of development /
|c Michael J. Trebilcock, Mariana Mota Prado.
|
| 260 |
|
|
|a Cheltenham, Glos, UK ;
|a Northampton, MA. :
|b Edward Elgar,
|c c2011.
|
| 300 |
|
|
|a viii, 286 p. :
|b ill. ;
|c 24 cm.
|
| 504 |
|
|
|a Includes bibliographical references and index.
|
| 541 |
|
|
|e 00027318
|
| 650 |
|
0 |
|a Economic development
|z Developing countries.
|
| 651 |
|
0 |
|a Developing countries
|x Economic conditions
|y 21st century.
|
| 700 |
1 |
|
|a Prado, Mariana Mota.
|
| 852 |
1 |
|
|a Ayesha Abed Library
|j General shelf.
|
| 999 |
|
|
|c 13842
|d 13842
|
| 952 |
|
|
|0 0
|1 0
|4 0
|6 338_900000000000000_TRE
|7 0
|9 23167
|a IGS
|b IGS
|c GEN
|d 2013-08-18
|e Karim International
|g 2460.00
|l 0
|o 338.9 TRE
|p 3010027318
|r 2013-08-18
|t 1
|w 0000-00-00
|y BK
|x Available
|